Le western - Statistiques

Statistiques générales
  • Ce quiz a été pris 269 fois
  • Le résultat moyen est 15 sur 30
Statistiques - réponses
Titre du film Mot % Correct
Il était une fois dans l' 5 ouest
99%
Le bon, la brute et le 6 truand
97%
Et pour quelques 7 de plus dollars
93%
Danse avec les 5 loups
89%
Les sept 11 mercenaires
84%
Mon nom est 8 personne
83%
Le 5 sifflera trois fois train
83%
Les huit 9 salopards
71%
La chevauchée 11 fantastique
68%
L'homme des hautes 7 plaines
67%
On l'appelle 7 Trinita
60%
Il était une fois la 10 révolution
59%
Soleil 5 rouge
58%
L'homme qui tua Liberty 7 Valance
56%
La 5 sauvage horde
54%
100 dollars pour un 6 shérif
46%
La 6 brisée flèche
44%
La porte du 7 paradis
43%
L'homme aux 5 d'or colts
42%
Un génie, deux associés, une 6 cloche
34%
Coups de feu dans la 6 sierra
31%
La 7 aux yeux clairs captive
27%
Le plus 7 d'entre tous sauvage
27%
La 7 rouge rivière
26%
La 8 de San Sebastian bataille
25%
Le grand 3 Sam
18%
Le fils du 6 désert
17%
Seuls sont les 9 indomptés
13%
Le dernier des 6 géants
8%
La dernière 5 piste
4%
Aucun quiz correspondant
Distribution des résultats
% des personnes avec chaque résultat
Percentile par nombre de réponses
Votre historique - résultats
Vous n’avez pas pris ce quiz